Miejscowości obsługiwane przez Szczecińsko-Policką komunikację - Statystyki

Ogólne statystyki
  • Ten quiz został rozwiązany 30 razy
    3 od ostatniego zresetowania
  • Średni wynik to 29 z 57
Statystyki odpowiedzi
Miejscowości % Poprawnych
Dobra
100%
Dołuje
100%
Kamieniec
100%
Leśno Górne
100%
Mierzyn
100%
Pilchowo
100%
Police
100%
Przęsocin
100%
Siadło Górne
100%
Sławoszewo
100%
Szczecin
100%
Ustowo
100%
Wołczkowo
100%
Załom
100%
Bartoszewo
67%
Grzepnica
67%
Klucz
67%
Kołbaskowo
67%
Kościno
67%
Lubieszyn
67%
Pargowo
67%
Przecław
67%
Siadło Dolne
67%
Siedlice
67%
Stobno
67%
Stolec
67%
Warzymice
67%
Będargowo
33%
Bobolin
33%
Buk
33%
Drogoradz
33%
Gryfino
33%
Karwowo
33%
Łęgi
33%
Niekłończyca
33%
Ostoja
33%
Przylep
33%
Rosówek
33%
Rzędziny
33%
Skarbimierzyce
33%
Smolęcin
33%
Tanowo
33%
Tatynia
33%
Trzebież
33%
Warnik
33%
Barnisław
0%
Dębostrów
0%
Kamionki
0%
Kurów
0%
Moczyły
0%
Sierakowo
0%
Smętowice
0%
Trzeszczyn
0%
Uniemyśl
0%
Wąwelnica
0%
Wieńkowo
0%
Witorza
0%
Nie znaleziono quizów pasujących do podanych kryteriów
Rozkład punktacji
Procent ludzi z każdym wynikiem
Percentyl według liczby udzielonych odpowiedzi
Twoja historia wyników
Nie rozwiązałeś tego quizu od ostatniego zresetowania